00559nam a2200181 a 450000100060000000300090000600800410001502000150005604000280007108200170009910000480011624500400016426000330020430000090023750500870024665000210033365000230035420683CO-ViMGA141112s2004 ck r 000 u spa d a8420006157 aCO-ViMGAbspacCO-ViMGA04a574.88 F734f1 aFreifelder, David; Montoya Villaroya, Julio10aFundamentos de Biología molecular aZaragoza : bAcribia, c1988 a329p aSistemas y metodos en biología molecular Macromoleculas Replicación del DNA. 14aACIDOS NUCLEICOS14aBIOLOGIA MOLECULAR